000 00384nam a2200145Ia 4500
008 240624s9999 xx 000 0 und d
041 _aeng
082 _a658.5 CHA
100 _aCHASE RICHARD B
245 _aOPERATIONS MANAGEMENT FOR COMPETITIVE AD
250 _a(11th ed.)
260 _c2008
_aNew Delhi
_bTata McGraw- Hill
300 _axxxv, : 875 : p. : cm. ; 24
365 _cRS
999 _c13126
_d13126